Click the Right City - North American Pro Sports Teams - Statistics

General Stats
  • This quiz has been taken 1,017 times
    300 since last reset
  • The average score is 74 of 124
Answer Stats
Hint Extra Hint Answer % Correct
Cowboys NFL Dallas
73%
Lakers NBA Los Angeles
71%
Heat NBA Miami
71%
Celtics NBA Boston
70%
Bulls NBA Chicago
70%
Mets MLB New York City
70%
Mets MLB New York City
70%
Steelers NFL Pittsburgh
70%
Bills NFL Buffalo
69%
Phillies MLB Philadelphia
69%
Mavericks NBA Dallas
68%
Packers NFL Green Bay
68%
Colts NFL Indianapolis
68%
Chiefs NFL Kansas City
68%
Cubs MLB Chicago
67%
Rockets NBA Houston
67%
Vikings NFL Minneapolis
67%
Knicks NBA New York City
67%
Seahawks NFL Seattle
67%
Falcons NFL Atlanta
66%
Browns NFL Cleveland
66%
Pistons NBA Detroit
66%
Texans NFL Houston
66%
Clippers NBA Los Angeles
66%
Dolphins NFL Miami
66%
Nets NBA New York City
66%
Magic NBA Orlando
66%
Eagles NFL Philadelphia
66%
Suns NBA Phoenix
66%
Trail Blazers NBA Portland
66%
Spurs NBA San Antonio
66%
Raptors NBA Toronto
66%
Capitals NHL Washington, D.C.
66%
Commanders NFL Washington, D.C.
66%
Ravens NFL Baltimore
65%
Cavaliers NBA Cleveland
65%
Nuggets NBA Denver
65%
Lions NFL Detroit
65%
76ers NBA Philadelphia
65%
Jazz NBA Salt Lake City
65%
Maple Leafs NHL Toronto
65%
Blue Jays MLB Toronto
65%
Bruins NHL Boston
64%
Red Sox MLB Boston
64%
Bears NFL Chicago
64%
Oilers NHL Edmonton
64%
Astros MLB Houston
64%
Pacers NBA Indianapolis
64%
Dodgers MLB Los Angeles
64%
Angels MLB Los Angeles
64%
Pelicans NBA New Orleans
64%
Giants NFL New York City
64%
49ers NFL San Francisco
64%
Buccaneers NFL Tampa Bay
64%
Nationals MLB Washington, D.C.
64%
Wizards NBA Washington, D.C.
64%
Braves MLB Atlanta
63%
Broncos NFL Denver
63%
Rams NFL Los Angeles
63%
Canadiens NHL Montreal
63%
Saints NFL New Orleans
63%
Islanders NHL New York City
63%
Thunder NBA Oklahoma City
63%
Hawks NBA Atlanta
62%
Patriots NFL Boston
62%
Hornets NBA Charlotte
62%
White Sox MLB Chicago
62%
Rockies MLB Denver
62%
Jaguars NFL Jacksonville
62%
Timberwolves NBA Minneapolis
62%
Bengals NFL Cincinnati
61%
Bucks NBA Milwaukee
61%
Rangers NHL New York City
61%
Mammoth NHL Salt Lake City
61%
Orioles MLB Baltimore
60%
Blackhawks NHL Chicago
60%
Twins MLB Minneapolis
60%
Jets NFL New York City
60%
Grizzlies NBA Memphis
59%
Pirates MLB Pittsburgh
59%
Penguins NHL Pittsburgh
59%
Padres MLB San Diego
59%
Flyers NHL Philadelphia
58%
Flames NHL Calgary
57%
Reds MLB Cincinnati
57%
Tigers MLB Detroit
57%
Golden Knights NHL Las Vegas
57%
Raiders NFL Las Vegas
57%
Brewers MLB Milwaukee
57%
Diamondbacks MLB Phoenix
57%
Kings NBA Sacramento
57%
Rays MLB Tampa Bay
57%
Stars NHL Dallas
56%
Red Wings NHL Detroit
56%
Royals MLB Kansas City
56%
Chargers NFL Los Angeles
56%
Marlins MLB Miami
56%
Mariners MLB Seattle
56%
Avalanche NHL Denver
55%
Devils NHL New York City
55%
Kraken NHL Seattle
55%
Cardinals NFL Phoenix
54%
Sharks NHL San Jose
54%
Lightning NHL Tampa Bay
54%
Warriors NBA San Francisco
53%
Canucks NHL Vancouver
53%
Guardians MLB Cleveland
52%
Sabres NHL Buffalo
51%
Giants MLB San Francisco
51%
Cardinals MLB St. Louis
51%
Titans NFL Nashville
50%
Predators NHL Nashville
49%
Senators NHL Ottawa
49%
Ducks NHL Los Angeles
48%
Wild NHL Minneapolis
48%
Blues NHL St. Louis
48%
Panthers NFL Charlotte
46%
Kings NHL Los Angeles
45%
Blue Jackets NHL Columbus
44%
Jets NHL Winnipeg
43%
Rangers MLB Dallas
40%
Panthers NHL Miami
33%
Hurricanes NHL Raleigh
31%
Athletics MLB Sacramento
18%
No matching quizzes found
Score Distribution
Percent of People with Each Score
Percentile by Number Answered
Your Score History
You have not taken this quiz since the last reset